LEADER 00679cam 2200229 450 001 000004829 005 20060125152140.0 010 $a88-14-09025-4 100 $a20030711d2002----km-y0itay50------ba 101 0 $aita 102 $aIT 200 1 $a<>sfide del notariato$eil notaio fra cittadino e istituzioni$fGiancarlo Laurini 210 $aMilano$cGiuffrè$d2002. 215 $aXVIII, 256 p.$d24 cm 610 1 $aNotariato$aItalia 676 $a347.45016 700 1$aLaurini,$bGiancarlo$0132935 801 0$aIT$bUNIPARTHENOPE$gRICA$2UNIMARC 912 $a000004829 951 $a347 - S/1$b36031$cNAVA1$d20030715 996 $aSfide del notariato$9663095 997 $aUNIPARTHENOPE LEADER 01088nam0-2200361li-450 001 990000260630203316 005 20180312154918.0 010 $a0-07-881869-9 035 $a0026063 035 $aUSA010026063 035 $a(ALEPH)000026063USA01 035 $a0026063 100 $a20001109d1993----km-y0itay0103----ba 101 0 $aeng 102 $aUS 200 1 $aMultimedia$emaking it work$fTay Vaughan 210 $aBerkeley$cOsborne MacGraw-Hill$dcopyr. 1993 215 $aXVII, 477 [66] p.$cill.$d23 cm +floppy disk 610 1 $aarchivi di dati 676 $a005754$9Basi di dati reticolari 700 1$aVaughan,$bTay$0754677 801 $aSistema bibliotecario di Ateneo dell' Università di Salerno$gRICA 912 $a990000260630203316 951 $a005.754 VAU$b0015301$c005.754$d00106545 959 $aBK 969 $aSCI 979 $c19931129 979 $c20001110$lUSA01$h1715 979 $aALANDI$b90$c20010327$lUSA01$h1530 979 $c20020403$lUSA01$h1634 979 $aPATRY$b90$c20040406$lUSA01$h1619 996 $aMultimedia$91518745 997 $aUNISA